Catálogo
 En Linea

Economía, organización y planificación de la producción agropecuaria / (Registro nro. 35737)

Detalles MARC
000 -CABECERA
campo de control de longitud fija 00873nam a2200265 a 4500
001 - NÚMERO DE CONTROL
campo de control 000036246
005 - FECHA Y HORA DE LA ÚLTIMA TRANSACCIÓN
campo de control 20200930075630.0
008 - DATOS DE LONGITUD FIJA--INFORMACIÓN GENERAL
campo de control de longitud fija 120111s1985 ru 000 0 spa d
040 ## - FUENTE DE LA CATALOGACIÓN
Centro catalogador/agencia de origen DO-SdBNP
Lengua de catalogación spa
Centro/agencia transcriptor BNPHU
082 ## - NÚMERO DE LA CLASIFICACIÓN DECIMAL DEWEY
Número de clasificación xxx
Número de documento/Ítem D634e
245 00 - MENCIÓN DE TÍTULO
Título Economía, organización y planificación de la producción agropecuaria /
Mención de responsabilidad, etc. V. Dobrini ... [et. al.] ; traducción O. Razinkov.
260 ## - PUBLICACIÓN, DISTRIBUCIÓN, ETC.
Lugar de publicación, distribución, etc. Moscú, Rusia :
Nombre del editor, distribuidor, etc. Progreso,
Fecha de publicación, distribución, etc. 1985.
300 ## - DESCRIPCIÓN FÍSICA
Extensión 474 p. ;
Dimensiones 21 cm.
700 1# - PUNTO DE ACCESO ADICIONAL--NOMBRE DE PERSONA
Nombre de persona Dobrinin, V.
9 (RLIN) 62334
700 1# - PUNTO DE ACCESO ADICIONAL--NOMBRE DE PERSONA
Nombre de persona Dunaev, P. P.
9 (RLIN) 62335
701 1# -
-- Grómov, M. N.
700 1# - PUNTO DE ACCESO ADICIONAL--NOMBRE DE PERSONA
Nombre de persona Beliáev, A. V.
9 (RLIN) 62336
700 1# - PUNTO DE ACCESO ADICIONAL--NOMBRE DE PERSONA
Nombre de persona Petraniova, G. A.
9 (RLIN) 62337
700 1# - PUNTO DE ACCESO ADICIONAL--NOMBRE DE PERSONA
Nombre de persona Aguírbov, Y. I.
9 (RLIN) 62338
700 1# - PUNTO DE ACCESO ADICIONAL--NOMBRE DE PERSONA
Nombre de persona Rosliakov, N. F.
9 (RLIN) 62339
700 1# - PUNTO DE ACCESO ADICIONAL--NOMBRE DE PERSONA
Nombre de persona Románova, S. S.
9 (RLIN) 62340
700 1# - PUNTO DE ACCESO ADICIONAL--NOMBRE DE PERSONA
Nombre de persona Zhihalin, M. M.
9 (RLIN) 62341
700 1# - PUNTO DE ACCESO ADICIONAL--NOMBRE DE PERSONA
Nombre de persona Shishov, M. T.
9 (RLIN) 62342
700 1# - PUNTO DE ACCESO ADICIONAL--NOMBRE DE PERSONA
Nombre de persona Razinkov, O.,
Término indicativo de función/relación tr.
9 (RLIN) 62343
Existencias
Estado de retiro Estado de pérdida Restricciones de uso No para préstamo Código de colección Localización permanente Ubicación/localización actual Ubicación en estantería Fecha de adquisición Número de inventario Total de préstamos Signatura topográfica completa Código de barras Fecha visto por última vez Precio válido a partir de Tipo de ítem Koha
        Monografías: Libros y Folletos General General Orden iniciada 11.01.2012 LF1   xxx D634e 36246-10 25.06.2020 25.06.2020 No se presta

Con tecnología Koha